000 01107nam a2200229Ia 4500
001 L231-6276
003 IT-CnALBA
008 170116s9999||||xx |||||||||||||| ||und||
040 _aIT-CnALBA
_cIT-CnALBA
041 _aLATINO
100 _aPARENTE PIETRO, CARDINALE
245 0 _aDE DEO UNO ET TRINO.
250 _a5a ed.
260 _a TORINO - ROMA
_bMARIETTI EDITORE
_c1960 [1° Ed.:1960]
300 _a402 p. (prefazione: 5)
500 _aCONOSCENZA DI DIO. ESISTENZA ED ESSENZA. LA TRINITÀ ESISTENZA. LE PROCESSIONI. LE RELAZIONI. LE PERSONE. PADRE FIGLIO E SPIRITO SANTO. LE MISSIONI. INABITAZIONE TRINITARIA NELL'UOMO. INDICE ANALITICO E ONOMASTICO.
501 _aSocietà San Paolo EM - Piazza San Paolo, 14 - 12051 ALBA (CN) (non commercial uses only) ® Copyright 2017
520 _aCONOSCENZA DI DIO. ESISTENZA ED ESSENZA. LA TRINITÀ ESISTENZA. LE PROCESSIONI. LE RELAZIONI. LE PERSONE. PADRE FIGLIO E SPIRITO SANTO. LE MISSIONI. INABITAZIONE TRINITARIA NELL'UOMO. INDICE ANALITICO E ONOMASTICO.
650 _aDIO TRINITÀ ATTRIBUTI DI DIO
942 _cBK
957 _71
999 _a7252
_bNO
_g Copie: 1
_c265458
_d265458